000 00545nam a2200181Ia 4500
005 20250508150912.0
008 008 250505s9999 xx 000 0 eng d
037 _aBooks to be hide in OPAC
040 _aFEDL
_beng
_cFEDL
041 _aeng
_2eng
084 _a101, GEI/O
_qFEDL
100 _aGeiger George R
_978847
245 0 _aPhilosophy and the social order: An introductory approach
260 _aBoston, USA
_bHoughton Mifflin Company
_c1947
300 _a407p.
942 _cHB
_h101, GEI/O
999 _c1326386
_d1326386